Reklama a plánovanie médií v rámci marketingových aktivít podniku

Salvato in:
Dettagli Bibliografici
Autore principale: Neczliová - Drozdová, Lucia (Autore)
Natura: Manoscritto Libro
Lingua:slovacco
Pubblicazione: Bratislava : STU v Bratislave ChtF, 2001
Edizione:Obháj.: 22.10.2001
Tags: Aggiungi Tag
Nessun Tag, puoi essere il primo ad aggiungerne!!

MARC

LEADER 00000ntm a22000003a 4500
001 stu73038
005 20150617225646.6
008 011218s2001----xo------------------slo-d
040 |a STU  |b slo 
041 0 |a slo 
044 |a xo 
100 1 |a Neczliová - Drozdová, Lucia  |4 aut 
245 1 |a Reklama a plánovanie médií v rámci marketingových aktivít podniku 
250 |a Obháj.: 22.10.2001 
260 |a Bratislava :  |b STU v Bratislave ChtF,  |c 2001 
300 |a 62 s. Tab.,grafy,lit 
500 |a Zameranie: Manažment chemických a potravinárskych podnikov 
996 |b 284C019715  |c C*D13471  |l CCI  |s A  |a 24  |w stu73038_0001